000 00368nam a22001217a 4500
040 _cSK
082 _a551
100 _aគី វណ្ណារិទ្ធ
245 _aCoastal and marine aquaculture; វារីវប្បកម្មទឹកប្រៃ និងតំបន់ឆ្នេរ
260 _aRUA
_bគី
_c2008
300 _a51p.
942 _cKB
999 _c10049
_d10049